Ομιλία εις ευτρόπιον ύπατον : βιογραφία του Αγίου Ιωάννου του Χρυσοστόμου

Αποθηκεύτηκε σε:
Λεπτομέρειες βιβλιογραφικής εγγραφής
Κύριος συγγραφέας: Ιωάννης ο Χρυσόστομος, π. 354-407
Άλλοι συγγραφείς: Γαγάτσος, Παναγιώτης Π. (Επιμελητής έκδοσης)
Μορφή: Βιβλίο
Γλώσσα:Greek
Ancient Greek
Δημοσίευση: Αθήναι : Νικόλαος και Σοφοκλής Ι. Ρώσση, [χ.χ.]
Θέματα:
Ετικέτες: Προσθήκη ετικέτας
Δεν υπάρχουν, Καταχωρήστε ετικέτα πρώτοι!

MARC

LEADER 00000cam a2200000 i 4500
001 1/87601
008 051018q19601970gr | ||| |||| ||gre||
035 |l 10080864 
040 |a GR-MY-UA  |b gre  |e aacr 
041 0 |a gre  |h grc 
082 0 |a 100  |2 (22) 
100 0 |a Ιωάννης ο Χρυσόστομος,   |d π. 354-407. 
245 1 0 |a Ομιλία εις ευτρόπιον ύπατον :  |b βιογραφία του Αγίου Ιωάννου του Χρυσοστόμου /  |c Ιωάννου του Χρυσοστόμου ; εισαγωγή - κείμενον - μετάφρασις Παναγιώτου Π. Γαγάτσου 
260 |a Αθήναι :   |b Νικόλαος και Σοφοκλής Ι. Ρώσση,   |c [χ.χ.] 
300 |a 55 σ.;  |c 21 εκ. 
500 |a Με: Uber die Ursprunglichkeit der Wissenschaft / Hans Georg Gadamer. - Το μηδέν και το άριστα / Χάρη Καρρά. - Σχέσεις εκκλησίας και πολιτείας εξ επόψεως ορθοδόξου / Παναγιώτου Χ. Δημητροπούλου. - Το διεθνές συνέδριον επί της χριστιανικής δράσεως εν τη ταχεία κοινωνική αλλαγή / Ιωάννου Ορ. Καλογήρου. - Η κίνησις "una sancta" κατά παλαιοκαθολικήν θεώρησιν / Ιωάννου Ορ. Καλογήρου. - Βάκων, Καρτέσιος, Σπινόζας / Ιωάννου Αρνέλλου. - Το προπατορικόν αμάρτημα / Κωνστ. Ε. Παπαπέτρου. - Λόγος ενθρονιστήριος / Ιερωνύμου. - Το ισραήλ / Χρ. Ευελπίδη. - Σκέψεις για τις σημερινές ανάγκες της επιμορφώσεως των ενηλίκων / Θ. Χαραλαμπίδη . - Ομιλία εις ευτρόπιον / Ιωάννου του Χρυσοστόμου. - Ομιλία προς τους νέους / Βασιλείου του Μεγάλου. - Προσέξτε την υγεία σας / Υπουργείον Κοινωνικής Πρόνοιας. - Ο αντίχριστος / Φρειδερίκου Νίτσε. - Στοιχεία δικαίου ιθαγένειας / Χρήστου Ι. Πίννη. - Προς τας εκπαιδευτικάς αρχάς του κράτους / Υπουργείον Εθνικής Παιδείας και Θρησκευμάτων. - Το παραστρατημένο παιδί / Ελπινίκης Σταματάκη. - Ο θεός εν τη επιστήμη / Ιωάννου Γ. Αρνέλλου 
600 0 0 |a Ιωάννης ο Χρυσόστομος,   |d π. 354-407. 
650 0 0 |a Speech. 
650 0 0 |a Biography. 
700 1 |a Γαγάτσος, Παναγιώτης Π.  |4 edt 
852 |a INST  |b RHODES  |c KRI  |e 20051018  |h  100 GAD  |p 005400027553  |q 005400027553  |t BK  |y 0 
901 |a BIBL4-2005-3 
909 |a Ρ  |b 122317 
970 |a ΚΟΖΑ  |b ΜΑΡΙΑ  |z 2005/10/18